Geography General Knowledge Quiz #2 - Statistics

General Stats
  • This quiz has been taken 44 times
    40 since last reset
  • The average score is 10 of 16
Answer Stats
Hint Answer % Correct
What is the biggest Country in South America? Brazil
97%
What is the Capital of Turkey? Ankara
94%
Which continent is Ukraine on? Europe
94%
Which country invented pizza? Italy
91%
Which country in South America was colonized by the Portugese? Brazil
82%
Which country conquered Tibet? China
82%
What is the only Ocean that is named after a country? (put ocean name) Indian Ocean
79%
Who is the MAIN successor to the Soviet Union? Russia
76%
What is the largest region in Germany? Bavaria
73%
Which country in South America used to have a coastline? Bolivia
67%
Which country is Cristiano Ronaldo from? Portugal
64%
What ideology is China? Communist
52%
What is the capital of Belize? Belmopan
39%
What country did Czechoslovakia break away from Austria-Hungary
33%
What two countries were split from Germany in WW2? East Germany, West Germany
21%
BONUS: What nickname is Lake Malawi known for? (hint: related to 1 year) Calendar Lake
3%
No matching quizzes found
Score Distribution
Percent of People with Each Score
Percentile by Number Answered
Your Score History
You have not taken this quiz since the last reset